|
|
|
|
| LEADER |
00000nab a2200000 a 4500 |
| 001 |
vtls009169449 |
| 003 |
SK-MaSNL |
| 005 |
20260304201418.0 |
| 008 |
140515c2007 xo wr|p|||||||000 b|slo |
| 015 |
|
|
|a SNBRB2007/12
|2 snkbucl
|
| 040 |
|
|
|a SNKBUCL
|b slo
|c SNKBUCL
|e AACR2
|
| 041 |
0 |
|
|a slo
|
| 044 |
|
|
|a xo
|c SK
|
| 080 |
|
|
|a 78.071.2:784.66
|2 2001
|
| 080 |
|
|
|a 784.66
|2 2001
|
| 100 |
1 |
|
|a Lederleitner, Jaroslav
|4 aut
|9 10290
|
| 245 |
1 |
0 |
|a Podvod Sex Pistols?
|c Jaroslav "Leďo" Lederleitner
|
| 300 |
|
|
|b Fotogr.
|
| 610 |
2 |
7 |
|a Sex Pistols (hudobná skupina)
|2 snkbucl
|9 117419
|
| 650 |
0 |
7 |
|a populárna hudba
|2 snkbucl
|9 3428
|
| 655 |
|
7 |
|a profily
|2 snkbucl
|9 341977
|
| 773 |
0 |
|
|t Týždeň
|g Roč. IV, č. 47 (2007), s. 72-73
|x 1336-5932
|
| 852 |
|
|
|a SNK
|b KIS3GCP
|
| 958 |
|
|
|a GB
|
| 999 |
|
|
|c 3094875
|d 3096805
|